[Event "corr t-161"]
[Site "?"]
[Date "2004.??.??"]
[Round "?"]
[White "Tyutyunnyk, RM."]
[Black "Andryuschenko, MM."]
[Result "1/2-1/2"]
[WhiteElo "2155"]
[BlackElo "2210"]
[PlyCount "63"]
[EventDate "2004.??.??"]

1. e4 c6 2. d4 d5 3. exd5 cxd5 4. c4 Nf6 5. Nc3 e6 6. Nf3 Bb4 7. Bd3 dxc4 8.
Bxc4 O-O 9. O-O a6 10. a4 Bd7 11. Bg5 Bc6 12. Ne5 Nbd7 13. Nxc6 bxc6 14. Qd3
Qa5 15. Bh4 c5 16. Ne4 Nxe4 17. Qxe4 cxd4 18. Bd3 Qh5 19. Qxd4 a5 20. Bb5 Nc5
21. Rad1 Nb3 22. Qf4 e5 23. Qg5 Qxg5 24. Bxg5 Nd4 25. Bc4 Rfc8 26. b3 Rc7 27.
Be3 Rd8 28. f4 Rcd7 29. fxe5 Nf3+ 30. Rxf3 Rxd1+ 31. Kf2 Rf8 32. Bb6 {
Time 44/55} 1/2-1/2

[Event "corr t-161"]
[Site "?"]
[Date "2004.??.??"]
[Round "?"]
[White "Pastyrsky, ChS"]
[Black "Zakharov, OYu"]
[Result "1/2-1/2"]
[WhiteElo "2150"]
[BlackElo "2150"]
[PlyCount "80"]
[EventDate "2004.??.??"]

1. d4 Nf6 2. c4 e6 3. Nc3 Bb4 4. e3 O-O 5. Nf3 d5 6. Bd3 c5 7. O-O Nc6 8. a3
Ba5 9. cxd5 exd5 10. dxc5 Bxc3 11. bxc3 Bg4 12. c4 Ne5 13. Bb2 Nxf3+ 14. gxf3
Bh3 15. Re1 Ne4 16. Be5 Qg5+ 17. Bg3 Nxg3 18. fxg3 dxc4 19. Bxc4 Qxc5 20. Qb3
b6 21. Rac1 Qe7 22. Bd5 Rad8 23. Rc2 Rfe8 24. e4 Qf6 25. Rec1 Be6 26. Bxe6 Rxe6
27. Qe3 Red6 28. Rc8 h6 29. Kg2 Kh7 30. e5 Rd2+ 31. Kg1 Qf5 32. Rxd8 Rxd8 33.
g4 Qg6 34. Qf4 b5 35. Kg2 Rd7 36. Qf5 Qxf5 37. gxf5 a5 38. e6 fxe6 39. fxe6 Re7
40. Rb1 40... b4 {Time 28/30} 1/2-1/2

[Event "corr t-161"]
[Site "?"]
[Date "2004.??.??"]
[Round "?"]
[White "Tesel'ko, VL."]
[Black "Kovalsky, VV."]
[Result "0-1"]
[WhiteElo "2230"]
[BlackElo "2150"]
[PlyCount "62"]
[EventDate "2004.??.??"]

1. Nf3 Nf6 2. g3 g6 3. b4 d5 4. Bb2 Bg7 5. Bg2 O-O 6. O-O Qd6 7. a3 Nbd7 8. d3
e5 9. Nbd2 e4 10. dxe4 dxe4 11. Nd4 Qe7 12. Qe1 e3 13. Nc4 exf2+ 14. Rxf2 Ne4
15. Rf4 f5 16. Nd2 Ndf6 17. Nxe4 Nxe4 18. Bxe4 fxe4 19. Rxf8+ Qxf8 20. Qc3 Bh3
21. Qxc7 e3 22. Qf4 Qxf4 23. gxf4 Rf8 24. f5 Rd8 25. c3 gxf5 26. Rd1 Kf7 27.
Kh1 f4 28. a4 Bf6 29. Rg1 Be6 30. Nxe6 Kxe6 31. Bc1 31... f3 {Time 78/29} 0-1

[Event "corr t-161"]
[Site "?"]
[Date "2004.??.??"]
[Round "?"]
[White "Susedenko, VI."]
[Black "Voronin, OS."]
[Result "1/2-1/2"]
[WhiteElo "2210"]
[BlackElo "2345"]
[PlyCount "80"]
[EventDate "2004.??.??"]

1. e4 e5 2. Nf3 Nc6 3. Bb5 a6 4. Ba4 Nf6 5. O-O Be7 6. Re1 b5 7. Bb3 d6 8. c3
O-O 9. h3 Bb7 10. d4 Re8 11. Nbd2 Bf8 12. a4 h6 13. Bc2 exd4 14. cxd4 Nb4 15.
Bb1 bxa4 16. Rxa4 a5 17. Ra3 Ra6 18. Rae3 a4 19. Nf1 d5 20. e5 Ne4 21. N1d2 c5
22. Nxe4 dxe4 23. Bxe4 Bxe4 24. Rxe4 c4 25. e6 Rexe6 26. Rxe6 fxe6 27. Ne5 Qc7
28. Qf3 Bd6 29. Qg4 Bxe5 30. Rxe5 Nd3 31. Rxe6 Rxe6 32. Qxe6+ Qf7 33. Qe3 Qd5
34. g3 Qd7 35. h4 Nxc1 36. Qxc1 Qxd4 37. Qc2 c3 38. bxc3 Qc4 39. Qc1 Qb3 40.
Qe1 40... a3 {Time 35/83} 1/2-1/2

[Event "corr t-161"]
[Site "?"]
[Date "2004.??.??"]
[Round "?"]
[White "Tsupko, BYu"]
[Black "Pastyrsky, ChS"]
[Result "1-0"]
[WhiteElo "2230"]
[BlackElo "2150"]
[PlyCount "61"]
[EventDate "2004.??.??"]

1. d4 Nf6 2. c4 g6 3. Nc3 Bg7 4. e4 d6 5. Be2 O-O 6. Bg5 Na6 7. Qd2 e5 8. d5
Qe8 9. Nf3 Nh5 10. g3 f5 11. exf5 gxf5 12. O-O-O f4 13. Rhg1 Bd7 14. gxf4 Nxf4
15. Bh6 Rf7 16. Ng5 Rf6 17. Bxg7 Kxg7 18. Ne6+ Kh8 19. Ne4 Nxe2+ 20. Qxe2 Rg6
21. N4g5 Qe7 22. f4 Rag8 23. h4 exf4 24. h5 Rf6 25. Ne4 Rxe6 26. dxe6 Qxe6 27.
Rxg8+ Qxg8 28. Rf1 Qf7 29. h6 Nb4 30. b3 Nc6 31. Qg2 {Time 48/18} 1-0

[Event "corr t-161"]
[Site "?"]
[Date "2004.??.??"]
[Round "?"]
[White "Tesel'ko, VL."]
[Black "Moiseev, SV."]
[Result "0-1"]
[WhiteElo "2230"]
[BlackElo "2250"]
[PlyCount "82"]
[EventDate "2004.??.??"]

1. c4 Nf6 2. Nc3 e6 3. e4 c5 4. e5 Ng8 5. d4 cxd4 6. Qxd4 Nc6 7. Qe4 d6 8. Nf3
dxe5 9. Nxe5 Bd7 10. Nxd7 Qxd7 11. Bg5 Bb4 12. Rd1 Qc7 13. Be2 Bxc3+ 14. bxc3
h6 15. Bf4 e5 16. Bg3 Nf6 17. Qe3 O-O 18. O-O Rfe8 19. Bf3 Rac8 20. Rfe1 b6 21.
c5 bxc5 22. Qxc5 Qe7 23. Qxe7 Rxe7 24. Bxc6 Rxc6 25. Bxe5 Rce6 26. f4 Ng4 27.
h3 Nxe5 28. fxe5 Rxe5 29. Rxe5 Rxe5 30. c4 Kf8 31. Kf2 Ke7 32. Rd2 Re4 33. Re2
Rxe2+ 34. Kxe2 h5 35. Kd3 Kd6 36. g3 Kc5 37. Kc3 a5 38. a4 h4 39. gxh4 g6 40.
h5 gxh5 41. h4 41... f6 {Time 87/40} 0-1

[Event "corr t-161"]
[Site "?"]
[Date "2004.??.??"]
[Round "?"]
[White "Michishin, AM."]
[Black "Shabanov, VM."]
[Result "1-0"]
[WhiteElo "2305"]
[BlackElo "2305"]
[PlyCount "45"]
[EventDate "2004.??.??"]

1. e4 c5 2. Nf3 d6 3. d4 cxd4 4. Nxd4 Nf6 5. Nc3 a6 6. Be2 e5 7. Nb3 Be7 8. O-O
O-O 9. Be3 Be6 10. f4 exf4 11. Bxf4 Nc6 12. Kh1 Rc8 13. Qe1 Ne8 14. Rd1 Bh4 15.
Bg3 Bf6 16. Na4 Ne5 17. Nd4 b5 18. Nc3 Bc4 19. b3 Bxe2 20. Ncxe2 Qb6 21. Nf4
Nd3 22. Rxd3 Bxd4 23. Nd5 1-0

[Event "corr t-161"]
[Site "?"]
[Date "2004.??.??"]
[Round "?"]
[White "Yarmolyuk, YuP"]
[Black "Andryuschenko, MM."]
[Result "1/2-1/2"]
[WhiteElo "2270"]
[BlackElo "2205"]
[PlyCount "128"]
[EventDate "2004.??.??"]

1. d4 Nf6 2. c4 e6 3. Nc3 Bb4 4. Nf3 c5 5. g3 cxd4 6. Nxd4 O-O 7. Bg2 d5 8.
cxd5 Nxd5 9. Bd2 Bxc3 10. bxc3 e5 11. Nb3 Nc6 12. O-O Nb6 13. Be3 Qc7 14. Qd3
Rd8 15. Qe4 Be6 16. Rfd1 h6 17. Bc5 Nc4 18. f4 f5 19. Qf3 Nb2 20. Rdb1 e4 21.
Qf2 Nc4 22. g4 b6 23. Bd4 Qf7 24. gxf5 Bxf5 25. e3 Rac8 26. Kh1 Rd6 27. Rg1 Rg6
28. Rac1 Qe6 29. Rb1 Kh7 30. Nd2 Nd6 31. Nf1 Rf8 32. Ng3 Bg4 33. a3 h5 34. Nf1
Rc8 35. Ra1 Rc7 36. Nd2 Rh6 37. Rae1 Bf5 38. Qe2 Nxd4 39. exd4 Rxc3 40. Nxe4
Nxe4 41. Bxe4 Bxe4+ 42. Qxe4+ Qxe4+ 43. Rxe4 Rg6 44. Ra1 Rc2 45. Rg1 Ra2 46.
Re3 Rf2 47. Re4 Rxg1+ 48. Kxg1 Rf3 49. a4 Kg6 50. d5 Rd3 51. Re7 a5 52. Re5 Rf3
53. Re4 Kf7 54. Kg2 Rd3 55. Re6 Rxd5 56. Rxb6 Rd4 57. Rb5 Rxa4 58. Rxh5 Ra3 59.
Rf5+ Kg6 60. Rg5+ Kf6 61. h4 a4 62. Ra5 Ra1 63. f5 a3 64. Kh2 64... a2 {
Time 47/148} 1/2-1/2

[Event "corr t-161"]
[Site "?"]
[Date "2004.??.??"]
[Round "?"]
[White "Shabanov, VM."]
[Black "Andryuschenko, MM."]
[Result "0-1"]
[WhiteElo "2305"]
[BlackElo "2205"]
[PlyCount "84"]
[EventDate "2004.??.??"]

1. e4 c6 2. d4 d5 3. Nc3 dxe4 4. Nxe4 Nd7 5. Bc4 Ngf6 6. Ng5 e6 7. Qe2 Nb6 8.
Bd3 h6 9. N5f3 c5 10. dxc5 Bxc5 11. Ne5 Nbd7 12. Ngf3 Qc7 13. O-O O-O 14. Bf4
Bd6 15. Nxd7 Bxd7 16. Bxd6 Qxd6 17. Ne5 Rfd8 18. Rad1 Qb6 19. c4 Bc6 20. Nxc6
bxc6 21. Bb1 c5 22. Rxd8+ Rxd8 23. Rd1 Rxd1+ 24. Qxd1 Kf8 25. b3 Ke7 26. f3 Qd6
27. Qxd6+ Kxd6 28. Kf2 g5 29. Ke3 Nd7 30. g4 Ke5 31. h3 f5 32. Bc2 Nf8 33. a3
a5 34. Kd3 Ng6 35. Kc3 Nf4 36. b4 axb4+ 37. axb4 cxb4+ 38. Kxb4 Nxh3 39. Bd1
Nf4 40. Kc5 Nd3+ 41. Kc6 fxg4 42. fxg4 Kd4 0-1

[Event "corr t-161"]
[Site "?"]
[Date "2004.??.??"]
[Round "?"]
[White "Zakharov, OYu"]
[Black "Susedenko, VI."]
[Result "1-0"]
[WhiteElo "2150"]
[BlackElo "2210"]
[PlyCount "75"]
[EventDate "2004.??.??"]

1. e4 e5 2. Nf3 Nc6 3. Bb5 a6 4. Ba4 Nf6 5. O-O Be7 6. Re1 b5 7. Bb3 d6 8. c3
O-O 9. h3 Na5 10. Bc2 c5 11. d4 Nc6 12. Be3 exd4 13. cxd4 Nb4 14. Nc3 Nxc2 15.
Qxc2 Bb7 16. d5 Re8 17. Rad1 b4 18. Na4 Rb8 19. b3 a5 20. Bf4 Rc8 21. Nb2 h6
22. Nc4 a4 23. bxa4 Nh5 24. Bh2 Nf6 25. a5 Bf8 26. Nb6 Rc7 27. Re3 Nd7 28. e5
Nxe5 29. Nxe5 dxe5 30. Bxe5 Rce7 31. Qe2 Ba6 32. Qxa6 Rxe5 33. Rxe5 Rxe5 34. d6
Qe8 35. d7 Qd8 36. Qc8 Be7 37. a6 Re2 38. a3 {Time 44/39} 1-0

[Event "corr t-161"]
[Site "?"]
[Date "2004.??.??"]
[Round "?"]
[White "Susedenko, VI."]
[Black "Tyutyunnyk, RM."]
[Result "0-1"]
[WhiteElo "2210"]
[BlackElo "2155"]
[PlyCount "56"]
[EventDate "2004.??.??"]

1. d4 Nf6 2. c4 g6 3. Nc3 Bg7 4. e4 d6 5. f3 O-O 6. Be3 Nc6 7. Nge2 a6 8. Qd2
Rb8 9. h4 h5 10. Nc1 e5 11. d5 Nd4 12. Nb3 Nxb3 13. axb3 c5 14. Be2 Bd7 15. Nd1
Nh7 16. b4 Rc8 17. bxc5 dxc5 18. Qa5 b6 19. Qxa6 f5 20. exf5 gxf5 21. f4 exf4
22. Bxf4 Bd4 23. Bxh5 Qe7+ 24. Kf1 Qe4 25. Bh2 Rfe8 26. Nf2 Qc2 27. Bg1 Ra8 28.
Bxe8 28... Rxa6 {Time 53/62} 0-1

[Event "corr t-161"]
[Site "?"]
[Date "2004.??.??"]
[Round "?"]
[White "Babij, GI."]
[Black "Shabanov, VM."]
[Result "1/2-1/2"]
[WhiteElo "2165"]
[BlackElo "2305"]
[PlyCount "67"]
[EventDate "2004.??.??"]

1. c4 Nf6 2. Nc3 g6 3. e4 d6 4. d4 Bg7 5. Be2 O-O 6. Nf3 e5 7. d5 a5 8. Bg5 h6
9. Bh4 Na6 10. O-O Qe8 11. Nd2 Nh7 12. a3 Bd7 13. Re1 a4 14. Bd3 Nc5 15. Bc2 f5
16. exf5 gxf5 17. f3 Kh8 18. Bf2 b6 19. Rc1 Rg8 20. Qe2 Qh5 21. Nb5 Bxb5 22.
cxb5 Bf6 23. Nf1 Ng5 24. Kh1 f4 25. Nd2 Rg7 26. Rcd1 Nf7 27. Rf1 Rag8 28. Rg1
Ra8 29. Bxc5 bxc5 30. Ne4 Bh4 31. Rgf1 Bg3 32. h3 Ng5 33. Nxg5 Qxg5 34. Rd2 {
Time 56/51} 1/2-1/2

[Event "corr t-161"]
[Site "?"]
[Date "2004.??.??"]
[Round "?"]
[White "Moiseev, SV."]
[Black "Voronin, OS."]
[Result "1/2-1/2"]
[WhiteElo "2250"]
[BlackElo "2345"]
[PlyCount "71"]
[EventDate "2004.??.??"]

1. d4 Nf6 2. c4 e6 3. Nc3 Bb4 4. Qc2 c5 5. dxc5 O-O 6. a3 Bxc5 7. Nf3 Nc6 8.
Bg5 Nd4 9. Nxd4 Bxd4 10. e3 Qa5 11. exd4 Qxg5 12. Qd2 Qg6 13. f3 d5 14. Bd3 Qh5
15. O-O Bd7 16. c5 a6 17. Rfe1 Qh4 18. Bf1 Ne8 19. b4 f6 20. a4 Nc7 21. b5 e5
22. g3 Qxd4+ 23. Qxd4 exd4 24. Nxd5 Nxd5 25. Bc4 Bc6 26. bxc6 bxc6 27. Re6 Kh8
28. Bxd5 cxd5 29. Kf2 Rfc8 30. Rc1 Rab8 31. Ke2 Kg8 32. Kd3 Rb4 33. Rxa6 Re8
34. c6 Re3+ 35. Kd2 Rbb3 36. c7 {Time 44/104} 1/2-1/2

[Event "corr t-161"]
[Site "?"]
[Date "2004.??.??"]
[Round "?"]
[White "Moiseev, SV."]
[Black "Pastyrsky, ChS"]
[Result "1/2-1/2"]
[WhiteElo "2250"]
[BlackElo "2150"]
[PlyCount "81"]
[EventDate "2004.??.??"]

1. d4 Nf6 2. c4 c5 3. d5 e6 4. Nc3 exd5 5. cxd5 d6 6. e4 g6 7. Nf3 Bg7 8. h3
O-O 9. Bd3 b5 10. Nxb5 Re8 11. O-O Nxe4 12. Re1 a6 13. Qa4 Nd7 14. Rxe4 Rxe4
15. Qxe4 Nf6 16. Qe2 axb5 17. Bxb5 Bb7 18. Bc6 Bxc6 19. dxc6 Qb6 20. b3 Qxc6
21. Bb2 d5 22. Qc2 Ne4 23. Bxg7 Kxg7 24. Rd1 f5 25. Ne5 Qd6 26. Nc4 Qe6 27. Nd2
Nxd2 28. Qxd2 d4 29. Re1 Rxa2 30. Qxd4+ cxd4 31. Rxe6 Ra1+ 32. Kh2 Kf7 33. Rd6
Rd1 34. f4 Ke7 35. Rd5 Ke6 36. Rd8 h5 37. b4 h4 38. b5 Rb1 39. Rxd4 Rxb5 40.
Ra4 Rb6 41. Kg1 {Time 57/64} 1/2-1/2

[Event "corr t-161"]
[Site "?"]
[Date "2004.??.??"]
[Round "?"]
[White "Bayda, VP."]
[Black "Tesel'ko, VL."]
[Result "1-0"]
[WhiteElo "2160"]
[BlackElo "2230"]
[PlyCount "81"]
[EventDate "2004.??.??"]

1. e4 c5 2. f4 Nc6 3. Nf3 g6 4. Bb5 Bg7 5. Bxc6 dxc6 6. d3 Nf6 7. Nc3 O-O 8.
O-O Ne8 9. Qe1 Nc7 10. Qh4 f6 11. Be3 b6 12. Rae1 e6 13. a4 Ba6 14. Qg3 Qe7 15.
h4 Rad8 16. b3 Rfe8 17. Qf2 Rd7 18. Nd1 Red8 19. g4 Qf7 20. Kg2 h5 21. gxh5
gxh5 22. Rg1 Kh8 23. Kh3 Ne8 24. Rg2 c4 25. bxc4 Bxc4 26. Qe2 Ba6 27. Reg1 Bf8
28. Nf2 c5 29. Bc1 Qh7 30. Nh1 Rg7 31. Ng3 Bc8 32. Bb2 Qh6 33. Bc1 Bd7 34. a5
b5 35. Be3 e5+ 36. f5 Qg6 37. Kh2 Qh7 38. Rh1 a6 39. Ng5 $1 39... fxg5 40. hxg5
h4 41. g6 {Time 60/122} 1-0

[Event "corr t-161"]
[Site "?"]
[Date "2004.??.??"]
[Round "?"]
[White "Yarmolyuk, YuP"]
[Black "Babij, GI."]
[Result "1/2-1/2"]
[WhiteElo "2270"]
[BlackElo "2165"]
[PlyCount "56"]
[EventDate "2004.??.??"]

1. e4 c6 2. d4 d5 3. exd5 cxd5 4. c4 Nf6 5. Nc3 e6 6. Nf3 Be7 7. Bd3 dxc4 8.
Bxc4 a6 9. O-O b5 10. Bd3 Bb7 11. Qe2 Nc6 12. Rd1 Nb4 13. Bb1 Nbd5 14. Ne5 Rc8
15. Nxd5 Qxd5 16. f3 O-O 17. Bg5 Qd6 18. a4 bxa4 19. Rxa4 Nd5 20. Bd2 Rfd8 21.
Ba5 Re8 22. b3 Bf6 23. Qe1 Bg5 24. Be4 Bc6 25. Nxc6 Rxc6 26. Bd2 Bf6 27. Qf1
Rec8 28. Qd3 28... g6 {Time 23/55} 1/2-1/2

[Event "corr t-161"]
[Site "?"]
[Date "2004.??.??"]
[Round "?"]
[White "Bayda, VP."]
[Black "Andryuschenko, MM."]
[Result "0-1"]
[WhiteElo "2160"]
[BlackElo "2205"]
[PlyCount "62"]
[EventDate "2004.??.??"]

1. d4 Nf6 2. c4 e6 3. Nf3 Bb4+ 4. Bd2 Bxd2+ 5. Qxd2 O-O 6. Nc3 d5 7. e3 Qe7 8.
Bd3 dxc4 9. Bxc4 c5 10. O-O Rd8 11. Rad1 Nc6 12. a3 a6 13. Qc2 cxd4 14. exd4 b5
15. Bd3 Bb7 16. Rfe1 b4 17. Ne2 bxa3 18. bxa3 Qxa3 19. Ng5 g6 20. Nf4 Nxd4 21.
Qb1 Bc6 22. Nxh7 Nxh7 23. Bxg6 Nf8 24. Bh5 Rab8 25. Qc1 Qxc1 26. Rxc1 Rb5 27.
Bd1 Nd7 28. h4 Rc5 29. Rxc5 Nxc5 30. Re5 Ne4 31. Bg4 Rb8 0-1

[Event "corr t-161"]
[Site "?"]
[Date "2004.??.??"]
[Round "?"]
[White "Moiseev, SV."]
[Black "Zholob, AF."]
[Result "0-1"]
[WhiteElo "2250"]
[BlackElo "2205"]
[PlyCount "44"]
[EventDate "2004.??.??"]

1. d4 d5 2. c4 dxc4 3. Nf3 Nf6 4. Nc3 e6 5. e3 a6 6. Bxc4 b5 7. Bd3 Nbd7 8. a4
b4 9. Ne4 Bb7 10. Nxf6+ Nxf6 11. O-O c5 12. dxc5 Bxc5 13. Qe2 Qd5 14. Rd1 Qh5
15. h3 Rd8 16. b3 e5 17. e4 Nxe4 18. Bb5+ Ke7 19. Bg5+ f6 20. Be3 Bxe3 21. Qxe3
axb5 22. Qa7 22... Nd6 {Time 29/44} 0-1

[Event "corr t-161"]
[Site "?"]
[Date "2004.??.??"]
[Round "?"]
[White "Tsupko, BYu"]
[Black "Zholob, AF."]
[Result "1/2-1/2"]
[WhiteElo "2230"]
[BlackElo "2205"]
[PlyCount "33"]
[EventDate "2004.??.??"]

1. d4 d5 2. c4 c6 3. Nf3 Nf6 4. Nc3 a6 5. Qb3 e6 6. Bf4 dxc4 7. Qxc4 b5 8. Qd3
Bb7 9. e3 c5 10. dxc5 Qxd3 11. Bxd3 Bxc5 12. O-O Nbd7 13. a4 b4 14. Ne2 O-O 15.
Rac1 Nh5 16. Rfd1 Nxf4 17. Nxf4 {Time 30/42} 1/2-1/2

[Event "corr t-161"]
[Site "?"]
[Date "2004.??.??"]
[Round "?"]
[White "Babij, GI."]
[Black "Tsupko, BYu"]
[Result "1/2-1/2"]
[WhiteElo "2165"]
[BlackElo "2230"]
[PlyCount "65"]
[EventDate "2004.??.??"]

1. Nf3 d5 2. g3 c5 3. Bg2 Nc6 4. O-O e5 5. d3 Nf6 6. c4 d4 7. Bg5 Be7 8. e3 O-O
9. exd4 cxd4 10. Nbd2 h6 11. Bxf6 Bxf6 12. a3 Bg4 13. b4 Qc8 14. Ne4 Be7 15. b5
Nd8 16. h3 Bxh3 17. Nxe5 Bxg2 18. Kxg2 Qc7 19. f4 f5 20. Nd2 a6 21. Qb3 Bc5 22.
Ndf3 Nf7 23. Rfe1 Rfe8 24. Nxf7 Qxf7 25. bxa6 bxa6 26. Qa4 Rxe1 27. Rxe1 Qb7
28. Re8+ Rxe8 29. Qxe8+ Kh7 30. Qe5 Bxa3 31. Qxf5+ g6 32. Qe6 Qb2+ 33. Kh3 {
Time 38/38} 1/2-1/2

[Event "corr t-161"]
[Site "?"]
[Date "2004.??.??"]
[Round "?"]
[White "Shabanov, VM."]
[Black "Kovalsky, VV."]
[Result "0-1"]
[WhiteElo "2305"]
[BlackElo "2150"]
[PlyCount "74"]
[EventDate "2004.??.??"]

1. e4 c5 2. Nf3 d6 3. d4 cxd4 4. Nxd4 Nf6 5. Nc3 a6 6. Bg5 e6 7. f4 Qb6 8. a3
Nc6 9. Nb3 Be7 10. Qf3 O-O 11. O-O-O Qc7 12. g4 b5 13. Bxf6 Bxf6 14. g5 Be7 15.
Qh5 b4 16. Nb1 bxa3 17. Nxa3 Nb4 18. Bd3 Bb7 19. Rhe1 d5 20. e5 g6 21. Qe2 Na2+
22. Kb1 Nc3+ 23. bxc3 Bxa3 24. Ka2 Be7 25. h4 a5 26. Nd4 Qxc3 27. Nb5 Qc5 28.
Rb1 Ba6 29. Rb3 a4 30. Rc3 Qb4 31. Rb1 Qxf4 32. Rc7 Bxb5 33. Rxb5 Bd8 34. Rd7
Qxh4 35. Rbb7 Bxg5 36. c4 dxc4 37. Bxc4 37... Rad8 {Time 115/28} 0-1

[Event "corr t-161"]
[Site "?"]
[Date "2004.??.??"]
[Round "?"]
[White "Yarmolyuk, YuP"]
[Black "Bayda, VP."]
[Result "1-0"]
[WhiteElo "2270"]
[BlackElo "2160"]
[PlyCount "97"]
[EventDate "2004.??.??"]

1. c4 c6 2. d4 d5 3. Nf3 Nf6 4. Nc3 Bf5 5. e3 e6 6. Bd3 Bg6 7. O-O dxc4 8. Bxc4
Nbd7 9. Re1 Be7 10. e4 O-O 11. a3 b5 12. Bd3 a5 13. e5 Ne8 14. Bxg6 fxg6 15. a4
b4 16. Ne4 Nb6 17. Bg5 Nd5 18. Rc1 h6 19. Bxe7 Nxe7 20. Nc5 Qd5 21. Nb3 g5 22.
Rc5 Qd7 23. h3 Nc7 24. Qc2 Ncd5 25. Nxa5 Nf4 26. Kh2 Ned5 27. Nc4 Qf7 28. Nd6
Qh5 29. Ng1 g4 30. Rxc6 Nxg2 31. Kxg2 b3 32. Qd1 Rf3 33. Re4 Raf8 34. Rxg4
Rxf2+ 35. Kh1 Kh8 36. Qxb3 R2f3 37. Qxf3 Rxf3 38. Nxf3 Qxh3+ 39. Nh2 Qb3 40.
Rc4 Qxb2 41. Rg1 Qa2 42. Rc8+ Kh7 43. Ne4 Qxa4 44. Nc5 Qa7 45. Nxe6 g5 46. Rd8
Qa5 47. Nf3 Ne3 48. Nh4 Qb5 49. Rd7+ {Time 44/67} 1-0

[Event "corr t-161"]
[Site "?"]
[Date "2004.??.??"]
[Round "?"]
[White "Tyutyunnyk, RM."]
[Black "Babij, GI."]
[Result "1/2-1/2"]
[WhiteElo "2155"]
[BlackElo "2165"]
[PlyCount "41"]
[EventDate "2004.??.??"]

1. e4 c5 2. Nf3 Nc6 3. Bb5 g6 4. O-O Bg7 5. c3 Nf6 6. d4 Nxe4 7. d5 Na5 8. Bf4
O-O 9. Re1 Nd6 10. Bd3 Qb6 11. Qc2 e6 12. Qa4 Ne8 13. dxe6 fxe6 14. Re2 c4 15.
Be3 Qc7 16. Bc2 d5 17. Bd4 Bxd4 18. cxd4 Nc6 19. Rd2 Rxf3 20. gxf3 Qf4 21. Qa3
{Time 56/73} 1/2-1/2

[Event "corr t-161"]
[Site "?"]
[Date "2004.??.??"]
[Round "?"]
[White "Babij, GI."]
[Black "Michishin, AM."]
[Result "1/2-1/2"]
[WhiteElo "2165"]
[BlackElo "2305"]
[PlyCount "44"]
[EventDate "2004.??.??"]

1. e4 e5 2. Nf3 Nc6 3. d4 exd4 4. Nxd4 Nf6 5. Nxc6 bxc6 6. e5 Qe7 7. Qe2 Nd5 8.
Nd2 g6 9. Nf3 Bg7 10. c4 Ba6 11. Qc2 Nb4 12. Qa4 Bb7 13. Be2 c5 14. O-O Bc6 15.
Qb3 a5 16. Bg5 Qe6 17. a3 Na6 18. Rfe1 O-O 19. Qc3 Rfb8 20. Bf6 Bxf6 21. exf6
a4 22. Bd1 Qg4 1/2-1/2

[Event "corr t-161"]
[Site "?"]
[Date "2004.??.??"]
[Round "?"]
[White "Babij, GI."]
[Black "Zholob, AF."]
[Result "1/2-1/2"]
[WhiteElo "2165"]
[BlackElo "2205"]
[PlyCount "44"]
[EventDate "2004.??.??"]

1. c4 e5 2. Nc3 g6 3. d4 exd4 4. Qxd4 Qf6 5. Qe3+ Qe6 6. Nd5 Na6 7. Qd4 f6 8.
Nf3 c6 9. Nf4 Bb4+ 10. Bd2 Bxd2+ 11. Nxd2 Qe5 12. e3 Nc7 13. Qxe5+ fxe5 14. Nd3
d6 15. c5 dxc5 16. Ne4 Bf5 17. Nd6+ Ke7 18. Nxb7 Bxd3 19. Bxd3 Nf6 20. Nxc5
Rhd8 21. Ke2 Ncd5 22. Rhc1 a5 (22... Rab8 23. b3 Nb4 24. Bb1 Nbd5 25. f3)
1/2-1/2

[Event "corr t-161"]
[Site "?"]
[Date "2004.??.??"]
[Round "?"]
[White "Tesel'ko, VL."]
[Black "Babij, GI."]
[Result "1/2-1/2"]
[WhiteElo "2230"]
[BlackElo "2165"]
[PlyCount "51"]
[EventDate "2004.??.??"]

1. Nf3 d5 2. c4 c6 3. b3 Bf5 4. g3 Nf6 5. Bg2 e6 6. Bb2 Nbd7 7. O-O Bd6 8. d3
O-O 9. Nbd2 e5 10. cxd5 cxd5 11. e4 Bg6 12. exd5 Bxd3 13. Re1 Qb8 14. Nc4 e4
15. Nfd2 Re8 16. Rc1 Bc5 17. Bh3 Qd8 18. d6 b5 19. Ne3 Qb6 20. Bxd7 Nxd7 21.
Bxg7 Kxg7 22. Qg4+ Kf8 23. Qxd7 Qxd6 24. Qxd6+ Bxd6 25. Nd5 Red8 26. Rc6
1/2-1/2

[Event "corr t-161"]
[Site "?"]
[Date "2004.??.??"]
[Round "?"]
[White "Babij, GI."]
[Black "Voronin, OS."]
[Result "1/2-1/2"]
[WhiteElo "2165"]
[BlackElo "2345"]
[PlyCount "62"]
[EventDate "2004.??.??"]

1. d4 Nf6 2. Nf3 e6 3. Bg5 d5 4. e3 Be7 5. c4 O-O 6. Nc3 h6 7. Bxf6 Bxf6 8. Be2
c6 9. O-O Nd7 10. Qc2 dxc4 11. Bxc4 e5 12. Rad1 exd4 13. Nxd4 Qa5 14. Nb3 Qb4
15. Ne4 Qe7 16. Nxf6+ Qxf6 17. e4 Qe7 18. Rfe1 Ne5 19. Be2 Be6 20. Nc5 b6 21.
Nxe6 fxe6 22. Qc3 Qf6 23. Rf1 g5 24. Qg3 Kh7 25. Qa3 a6 26. Qe3 b5 27. Rd6 Rad8
28. Rfd1 Rxd6 29. Rxd6 Rd8 30. Rxd8 Qxd8 31. Qc3 Qd6 1/2-1/2

[Event "corr t-161"]
[Site "?"]
[Date "2004.??.??"]
[Round "?"]
[White "Zakharov, OYu"]
[Black "Babij, GI."]
[Result "1/2-1/2"]
[WhiteElo "2150"]
[BlackElo "2165"]
[PlyCount "55"]
[EventDate "2004.??.??"]

1. e4 c6 2. d4 d5 3. Nc3 dxe4 4. Nxe4 Nd7 5. Bc4 Ngf6 6. Ng5 e6 7. Qe2 Nb6 8.
Bb3 h6 9. N5f3 a5 10. c3 a4 11. Bc2 c5 12. dxc5 Bxc5 13. Qb5+ Nbd7 14. Bxa4 O-O
15. Bc2 Qc7 16. Qe2 b6 17. Be3 Ba6 18. Qd2 Rfd8 19. h3 Ne5 20. Qc1 Nd5 21. Bxc5
bxc5 22. g3 Rab8 23. Rh2 Rb7 24. Nd2 Nd3+ 25. Bxd3 Bxd3 26. Ngf3 c4 27. a4 Rdb8
28. Ra2 1/2-1/2

[Event "corr t-161"]
[Site "?"]
[Date "2004.??.??"]
[Round "?"]
[White "Kochan, IM."]
[Black "Babij, GI."]
[Result "1/2-1/2"]
[WhiteElo "2175"]
[BlackElo "2165"]
[PlyCount "61"]
[EventDate "2004.??.??"]

1. e4 c6 2. d4 d5 3. Nc3 dxe4 4. Nxe4 Nd7 5. Bc4 Ngf6 6. Ng5 e6 7. Qe2 Nb6 8.
Bd3 h6 9. N5f3 c5 10. dxc5 Bxc5 11. Ne5 Nbd7 12. Ngf3 Nxe5 13. Nxe5 O-O 14. O-O
b6 15. Rd1 Qe7 16. Bf4 Bb7 17. Rd2 a6 18. c3 Rfd8 19. Rad1 b5 20. Be3 Rd5 21.
Bxc5 Qxc5 22. Re1 Rad8 23. Qe3 Qxe3 24. Rxe3 R5d6 25. c4 Ne4 26. Rde2 Nc5 27.
Bc2 b4 28. f4 f6 29. Nf3 g5 30. fxg5 hxg5 31. a3 1/2-1/2

[Event "corr t-161"]
[Site "?"]
[Date "2004.??.??"]
[Round "?"]
[White "Andryuschenko, MM."]
[Black "Babij, GI."]
[Result "1-0"]
[WhiteElo "2205"]
[BlackElo "2165"]
[Annotator "Andryuschenko"]
[PlyCount "51"]
[EventDate "2004.??.??"]

1. e4 c6 2. d4 d5 3. Nc3 dxe4 4. Nxe4 Nd7 5. Bd3 Ngf6 6. Ng5 Qc7 7. N1f3 h6 8.
Ne6 fxe6 9. Bg6+ Kd8 10. O-O b6 11. g3 c5 12. Bf4 Qc6 13. Ne5 Nxe5 14. dxe5+
Nd7 15. c4 b5 16. cxb5 Qxb5 17. a4 Qb6 18. a5 Qb5 19. Qg4 Qc6 20. Rad1 Ba6 21.
Rfe1 Bc4 22. Be4 Bd5 23. Bxd5 exd5 24. e6 Nf6 25. Qf5 Kc8 26. Be5 {
Prisudzhennia} (26. Be5 Kb7 (26... d4 27. Bxd4 Kb7 (27... Rb8 28. Bxf6 gxf6 (
28... exf6 29. e7+ $18) 29. Rd5 Rb5 30. Rc1 Rxa5 31. b4 Rb5 32. Rdxc5 Rxc5 33.
Rxc5 Kb7 34. Rxc6 Kxc6 35. Qc5+ Kb7 36. b5 $18) 28. a6+ Kxa6 (28... Qxa6 29.
Bxf6 $18) 29. Bxf6 gxf6 (29... exf6 30. e7 g6 31. Qg4 f5 (31... Bg7 32. Re6 $18
) 32. Qc4+ Kb7 (32... Kb6 33. Re6 $18) 33. Qf7 $18) 30. Re3 Rb8 31. Ra3+ Kb7
32. Rd7+ Kc8 (32... Ka8 33. Raxa7#) 33. Ra5 Rb5 34. Qg6 Bg7 35. Qxg7 Re8 (35...
Rd8 36. Rxd8+ Kxd8 37. Rxa7 $18) 36. Qf7 Rh8 37. Rxb5 Qxb5 38. Qxe7 $18) 27.
Bxf6 exf6 (27... gxf6 28. Rxd5 Rc8 29. Rc1 29... c4 $8 30. b4 $1 30... a6 31.
Rc5 Qe8 32. R1xc4 Rxc5 33. Qxc5 $18) 28. e7 Re8 (28... g6 $5 29. Qf3 $1 29...
Re8 30. Rxd5 Kc7 (30... Bxe7 31. Rd7+ $1) 31. Qf4+ Kc8 32. Rd8+ Rxd8 33.
exd8=Q+ Kxd8 34. Qb8+ Kd7 (34... Qc8 35. Rd1+) 35. Re8 $18) 29. Re6 g6 30. a6+
Kb8 31. Qf4+ Qc7 32. Qa4 Rxe7 33. Rc6 Qd8 34. Qb3+ $18) 1-0